Atatürk ve laiklik : (Record no. 14208)
[ view plain ]
| 000 -BAŞLIK | |
|---|---|
| Sabit Uzunlukta Kontrol Alanı | 01037nam a22002657a 4500 |
| 999 ## - SİSTEM KONTROL NUMARALARI (KOHA) | |
| Koha Biblionumber | 14208 |
| Koha Biblioitemnumber | 14208 |
| 003 - KONTROL NUMARASI IDENTIFIER | |
| Denetim Alanı | MIRAKIL |
| 005 - SON İŞLEM TARİHİ VE ZAMANI | |
| Denetim Alanı | 20201117111809.0 |
| 008 - SABİT-BOY VERİ ELEMANLARI - GENEL BİLGİLER | |
| Sabit Uzunlukta Kontrol Alanı | 201117b tu ||||| |||| 00| 0 tur d |
| 040 ## - KATALOGLAMA KAYNAK | |
| Orijinal Kataloglama Ajansı | TR-AnCHP |
| Kataloglama Dili | tur |
| Metne Dönüştürmek Ajansı | TR-AnCHP |
| 041 ## - DİL KODU | |
| Metin / Ses Parça Veya Ayrı Başlığın Dil Kodu | tur |
| 082 ## - DEWEY ONLU SINIFLANDIRMA NUMARASI | |
| Sınıflandırma Numarası | ATA 322.1 |
| Ürün Numarası | O92a 1981 |
| 100 ## - ANA GİRİŞ - KİŞİSEL İSİM | |
| Kişisel Ad | Ozankaya, Özer |
| 245 ## - BAŞLIK TABLOSU | |
| Başlık | Atatürk ve laiklik : |
| Başlığın Kalan | Atatürkçü düşüncenin temel niteliği / |
| Sorumluluk Tablosu, Vb | Özer Ozankaya. |
| 246 ## - UNVAN FORM VARYING | |
| Başlık Doğru / Kısa Başlığı | Atatürkçü düşüncenin temel niteliği |
| 260 ## - YAYIN, DAĞITIM, VB | |
| Yayın, Dağıtım, Vb Yeri | Ankara: |
| Yayıncı, Dağıtıcı, Vs Adı | Türkiye İş Bankası Kültür Yayınları, |
| Yayın, Dağıtım, Vb Tarihi | 1981. |
| 300 ## - FİZİKSEL TANIM | |
| Kapsam | 292 s.: |
| Boyutlar | 20 sm. |
| 490 ## - SERİSİ TABLOSU | |
| Seri Beyanı | Türkiye İş Bankası Kültür yayınları ; |
| -- | Atatürk'ün Doğumunun 100. yılı dizisi ; |
| Hacim / Ardışık Tanımı | genel yayın no. 225. |
| -- | no ; 5. |
| 504 ## - KAYNAKÇA VB NOT | |
| Kaynakça Vb Notu | Kaynakça ve dizin vardır. |
| 600 ## - KONU KATMA GİRİŞ - KURUMSAL ADI | |
| Kişisel Ad | Atatürk, Mustafa Kemal |
| Bir Adıyla İlişkilendirilen Tarihler | 1881-1938 |
| Genel Alt Bölümü | Laiklik |
| 600 ## - KONU KATMA GİRİŞ - KURUMSAL ADI | |
| Kişisel Ad | Atatürk, Mustafa Kemal |
| Bir Adıyla İlişkilendirilen Tarihler | 1881-1938 |
| Genel Alt Bölümü | Din |
| 650 ## - KONU KATMA GİRİŞ - TOPİKAL DÖNEM | |
| Topikal Süreli Veya Coğrafi Ad Giriş Elemanı | Laiklik |
| Genel Alt Bölümü | Tarih |
| Coğrafi Alt Bölümü | Türkiye |
| 650 #0 - KONU KATMA GİRİŞ - TOPİKAL DÖNEM | |
| Topikal Süreli Veya Coğrafi Ad Giriş Elemanı | Siyaset ve din |
| Genel Alt Bölümü | Tarih |
| Coğrafi Alt Bölümü | Türkiye |
| 9 (RLIN) | 5876 |
| 740 ## - KATMA GİRİŞ - KONTROLSUZ İLGİLİ / ANALİTİK BAŞLIK | |
| Kontrol Edilmeyen / İlgili Analitik Başlıktaki | Atatürkçü düşüncenin temel niteliği |
| 942 ## - EKLENDİ GİRİŞ ELEMANLARI (KOHA) | |
| Sınıflandırma Veya Raf Düzeni Kaynak | Dewey Decimal Classification |
| Koha Öğesi Türü | Books |
| Kalıcı Konum | Mevcut Konum | Edinme Tarihi | Toplam Check-Out'Lar | Tam Çağrı Numarası | Barkod | Tarih Son Görülme | İtibaren Geçerli Fiyatlar | Sigara Kamu Notu | Koha Öğesi Türü |
|---|---|---|---|---|---|---|---|---|---|
| CHP Kütüphanesi | CHP Kütüphanesi | 11/17/2020 | ATA 322.1 O92a 1981 | 019738 | 11/17/2020 | 11/17/2020 | Emine Başak Alkan Bağışıdır. | Books |
